[Event "17. Open de la Constitución 2015"]
[Site "San Sebastian de los Reyes ES"]
[Date "2015.12.08"]
[Round "9.2"]
[White "Soares, Erikson Roberto Mau"]
[Black "Hernando Pertierra, Jose C"]
[Result "1-0"]
[WhiteElo "2226"]
[BlackElo "2374"]
[PlyCount "81"]
[EventDate "2015.11.30"]
[EventType "swiss"]
[EventRounds "9"]
[EventCountry "ESP"]
[Source "lmi"]
[SourceDate "2015.11.30"]

1. Nf3 Nf6 2. g3 d5 3. Bg2 c6 4. d4 Bg4 5. Ne5 Bh5 6. c4 e6 7. Nc3 Nbd7 8. O-O
Nxe5 9. dxe5 Nd7 10. cxd5 exd5 11. f4 Bc5+ 12. Kh1 a5 13. Bh3 O-O 14. Qd3 Bg6
15. e4 dxe4 16. Qxd7 Qb6 17. Qd1 Rad8 18. Qe2 f5 19. Na4 Qb4 20. Nxc5 Qxc5 21.
Be3 Qb4 22. Rfd1 Rd5 23. Rxd5 cxd5 24. Rd1 Rd8 25. Rd4 Qc5 26. Qd2 Qb5 27. a4
Qb3 28. Qxa5 b6 29. Qc3 Qa2 30. Qc7 Re8 31. Qc1 h5 32. Bf1 h4 33. Rxd5 Kh7 34.
Bc4 Qxa4 35. Bb5 Qb3 36. Bxe8 Bxe8 37. Rd8 Bh5 38. e6 Qxe6 39. Qc8 Qb3 40. Rh8+
Kg6 41. Qe8+ 1-0

[Event "17. Open de la Constitución 2015"]
[Site "San Sebastian de los Reyes ES"]
[Date "2015.12.08"]
[Round "9.3"]
[White "Sebastian Enesco, Alex"]
[Black "Marin Aso, Jose Luis"]
[Result "1-0"]
[WhiteElo "1833"]
[BlackElo "1775"]
[PlyCount "72"]
[EventDate "2015.11.30"]
[EventType "swiss"]
[EventRounds "9"]
[EventCountry "ESP"]
[Source "lmi"]
[SourceDate "2015.11.30"]

1. g4 e5 2. Bg2 Ne7 3. c4 Nbc6 4. Nc3 d6 5. h3 Ng6 6. d3 Be7 7. Be3 Nd4 8. Qd2
c6 9. Bxd4 exd4 10. Ne4 d5 11. cxd5 cxd5 12. Ng3 a5 13. a3 Bg5 14. Qc2 Nh4 15.
Kf1 O-O 16. Nf3 Nxf3 17. Bxf3 Be6 18. h4 Bxh4 19. Kg2 Bg5 20. Rh5 h6 21. Rah1
Qd7 22. Qb3 a4 23. Qb4 Bxg4 24. Qxd4 Bxf3+ 25. exf3 Ra6 26. Ne4 Rg6 27. Nxg5
Rxg5+ 28. Rxg5 hxg5 29. Qe5 f5 30. Rh5 Qf7 31. Rxg5 g6 32. Rg3 Rd8 33. Rh3 Qg7
34. Qe6+ Kf8 35. Rg3 Qxb2 36. Rxg6 Qh8 1-0

[Event "17. Open de la Constitución 2015"]
[Site "San Sebastian de los Reyes ES"]
[Date "2015.12.08"]
[Round "9.4"]
[White "Anton Quevedo, Andrea"]
[Black "Quevedo Marin, Manuel"]
[Result "0-1"]
[WhiteElo "1810"]
[BlackElo "2204"]
[PlyCount "130"]
[EventDate "2015.11.30"]
[EventType "swiss"]
[EventRounds "9"]
[EventCountry "ESP"]
[Source "lmi"]
[SourceDate "2015.11.30"]

1. e4 e6 2. d4 d5 3. e5 c5 4. c3 Nc6 5. Nf3 Bd7 6. Be2 Nge7 7. O-O Nf5 8. Na3
Be7 9. Nc2 Rc8 10. Bf4 Qb6 11. Rb1 cxd4 12. cxd4 Nb4 13. Nxb4 Qxb4 14. Bd2 Qb6
15. Bc3 O-O 16. Qd2 Bb5 17. Bxb5 Qxb5 18. Rfe1 Rc6 19. Rbc1 Rfc8 20. h3 Qa4 21.
g4 Nh6 22. Kg2 a6 23. Ra1 R6c7 24. Ng1 Kh8 25. Ne2 Ng8 26. f4 Bf8 27. Rf1 g6
28. h4 f5 29. g5 h5 30. Rf3 Ne7 31. Nc1 Nc6 32. Nb3 Na7 33. Nc1 Qd7 34. Ne2 Nc6
35. a3 Na7 36. Re1 b5 37. b4 Rc4 38. Rc1 R8c6 39. Bb2 Nc8 40. Rfc3 Nb6 41. Ba1
Kg8 42. Rxc4 dxc4 43. Nc3 Rc8 44. Qf2 Rd8 45. Rd1 Nd5 46. Qf3 Qb7 47. Nxd5 Rxd5
48. Bc3 Be7 49. Rd2 Bd8 50. Kg3 Bb6 51. Qd1 Qa7 52. a4 a5 53. axb5 axb4 54.
Bxb4 Rxb5 55. Bc5 Rb3+ 56. Kh2 Qb7 57. Rc2 Qe4 58. Bxb6 Qxf4+ 59. Kg1 Qe3+ 60.
Rf2 Rxb6 61. Qd2 Rb1+ 62. Kh2 Qe4 63. Rf4 Qh1+ 64. Kg3 Rg1+ 65. Kf2 Rg2+ 0-1

[Event "17. Open de la Constitución 2015"]
[Site "San Sebastian de los Reyes ES"]
[Date "2015.12.08"]
[Round "9.5"]
[White "Lopez de Turiso, Jose Angel"]
[Black "Alfaya Marcelo, Roberto"]
[Result "1/2-1/2"]
[WhiteElo "2034"]
[BlackElo "2107"]
[PlyCount "23"]
[EventDate "2015.11.30"]
[EventType "swiss"]
[EventRounds "9"]
[EventCountry "ESP"]
[Source "lmi"]
[SourceDate "2015.11.30"]

1. d4 Nf6 2. c4 c5 3. Nf3 cxd4 4. Nxd4 Nc6 5. Nc3 g6 6. g3 Bg7 7. Bg2 O-O 8.
O-O d6 9. Nxc6 bxc6 10. Bxc6 Rb8 11. Bg2 Be6 12. b3 1/2-1/2

[Event "17. Open de la Constitución 2015"]
[Site "San Sebastian de los Reyes ES"]
[Date "2015.12.08"]
[Round "9.6"]
[White "Clavero Alarcon, Jose Miguel"]
[Black "Lozano Suarez, Luis Miguel"]
[Result "1/2-1/2"]
[WhiteElo "1873"]
[BlackElo "2136"]
[PlyCount "37"]
[EventDate "2015.11.30"]
[EventType "swiss"]
[EventRounds "9"]
[EventCountry "ESP"]
[Source "lmi"]
[SourceDate "2015.11.30"]

1. c4 Nf6 2. g3 e5 3. Bg2 d5 4. cxd5 Nxd5 5. Nc3 Nb6 6. Nf3 Nc6 7. O-O Be7 8.
a3 a5 9. d3 Be6 10. Be3 Nd5 11. Nxd5 Bxd5 12. d4 exd4 13. Nxd4 Bxg2 14. Kxg2
Nxd4 15. Qxd4 Qxd4 16. Bxd4 O-O 17. Rac1 Bd6 18. e4 f6 19. f4 1/2-1/2

[Event "17. Open de la Constitución 2015"]
[Site "San Sebastian de los Reyes ES"]
[Date "2015.12.08"]
[Round "9.7"]
[White "Cabanas Bravo, Juan Andres"]
[Black "Vukotic Jovsic, Dragan"]
[Result "0-1"]
[WhiteElo "2012"]
[BlackElo "1943"]
[PlyCount "52"]
[EventDate "2015.11.30"]
[EventType "swiss"]
[EventRounds "9"]
[EventCountry "ESP"]
[Source "lmi"]
[SourceDate "2015.11.30"]

1. e4 e5 2. f4 d6 3. d4 exd4 4. Nf3 Nc6 5. Nxd4 Nf6 6. Nxc6 bxc6 7. Qd3 Qe7 8.
Nd2 Bf5 9. Be2 Nxe4 10. O-O d5 11. Nb3 Qd7 12. Qd4 f6 13. Re1 a5 14. a4 Rb8 15.
Be3 Bb4 16. c3 Bxc3 17. bxc3 Rxb3 18. Qa7 O-O 19. Qxa5 Rxc3 20. Bf3 Rb3 21.
Rac1 d4 22. Rcd1 d3 23. Bc5 Re8 24. Rb1 d2 25. Red1 Rxb1 26. Rxb1 Nxc5 0-1

[Event "17. Open de la Constitución 2015"]
[Site "San Sebastian de los Reyes ES"]
[Date "2015.12.08"]
[Round "9.8"]
[White "Marcos Herrero, Francisco"]
[Black "Hernandez Ramos, David"]
[Result "1-0"]
[WhiteElo "1992"]
[BlackElo "1886"]
[PlyCount "57"]
[EventDate "2015.11.30"]
[EventType "swiss"]
[EventRounds "9"]
[EventCountry "ESP"]
[Source "lmi"]
[SourceDate "2015.11.30"]

1. Nf3 d5 2. c4 Nf6 3. g3 e6 4. Bg2 Be7 5. d4 c6 6. O-O Nbd7 7. Qc2 O-O 8. Nbd2
c5 9. Rd1 Qc7 10. b3 a6 11. Ba3 Qa5 12. Bb2 cxd4 13. Bxd4 Nb6 14. a3 dxc4 15.
b4 Qb5 16. Bxb6 Qxb6 17. Nxc4 Qc7 18. Qb3 b5 19. Na5 Bd7 20. Rac1 Qb6 21. Ne5
Rad8 22. Nb7 Rc8 23. Nxd7 Nxd7 24. Rxc8 Rxc8 25. Rxd7 Rc1+ 26. Rd1 Rc7 27. Nc5
a5 28. Qd3 axb4 29. Qd8+ 1-0

[Event "17. Open de la Constitución 2015"]
[Site "San Sebastian de los Reyes ES"]
[Date "2015.12.08"]
[Round "9.9"]
[White "Perez Cameselle, Francisco"]
[Black "Largo Barbero, Benito"]
[Result "0-1"]
[WhiteElo "1904"]
[BlackElo "1954"]
[PlyCount "64"]
[EventDate "2015.11.30"]
[EventType "swiss"]
[EventRounds "9"]
[EventCountry "ESP"]
[Source "lmi"]
[SourceDate "2015.11.30"]

1. Nf3 f5 2. g3 Nf6 3. d4 g6 4. c4 Bg7 5. Nc3 O-O 6. Bg2 d6 7. O-O c6 8. b3 Qe8
9. Qc2 e5 10. dxe5 dxe5 11. Ba3 Rf7 12. Ng5 Rd7 13. e4 h6 14. Nf3 Rf7 15. Nh4
Nh7 16. Nxg6 f4 17. Nh4 Ng5 18. f3 Bf8 19. Bxf8 Qxf8 20. g4 h5 21. Nf5 hxg4 22.
fxg4 Bxf5 23. exf5 Rh7 24. Be4 Qc5+ 25. Kh1 Nd7 26. Qf2 Qxf2 27. Rxf2 Nf6 28.
Re1 Kf7 29. Bf3 Nxf3 30. Rxf3 Nxg4 31. Ne4 Rxh2+ 32. Kg1 Rah8 0-1

[Event "17. Open de la Constitución 2015"]
[Site "San Sebastian de los Reyes ES"]
[Date "2015.12.08"]
[Round "9.10"]
[White "Sacristan Virseda, Fernando"]
[Black "Minguela Munoz, Bienvenido"]
[Result "1-0"]
[WhiteElo "1951"]
[BlackElo "1726"]
[PlyCount "103"]
[EventDate "2015.11.30"]
[EventType "swiss"]
[EventRounds "9"]
[EventCountry "ESP"]
[Source "lmi"]
[SourceDate "2015.11.30"]

1. b3 d5 2. Bb2 Nd7 3. e3 Ngf6 4. f4 c6 5. Nf3 e6 6. Be2 Be7 7. O-O Qc7 8. Ne5
Nf8 9. a4 Ng6 10. c4 O-O 11. d4 Nxe5 12. fxe5 Ne4 13. Nd2 Nxd2 14. Qxd2 f5 15.
Ba3 a5 16. Bxe7 Qxe7 17. c5 Bd7 18. b4 axb4 19. Qxb4 Be8 20. Bd1 g5 21. Rb1 Rb8
22. Qd2 Bg6 23. Rb6 Kh8 24. Qb2 Rg8 25. a5 f4 26. exf4 gxf4 27. Rxf4 Be4 28.
Rf2 Qg5 29. Bf3 Bd3 30. h3 Qe3 31. Kh2 Qe1 32. Qd2 Qxd2 33. Rxd2 Bf1 34. Bg4
Rg6 35. Rdb2 Bb5 36. a6 Ra8 37. axb7 Rb8 38. Ra2 Rgg8 39. Bxe6 Rge8 40. Bc8
Rbxc8 41. bxc8=Q Rxc8 42. Ra7 Rg8 43. Rab7 Bf1 44. Rb8 Rxb8 45. Rxb8+ Kg7 46.
Rb7+ Kg6 47. Rd7 Bb5 48. Kg3 h5 49. Kf3 Kg5 50. h4+ Kf5 51. Rd6 Ba4 52. Rf6#
1-0

[Event "17. Open de la Constitución 2015"]
[Site "San Sebastian de los Reyes ES"]
[Date "2015.12.08"]
[Round "9.11"]
[White "Camarero Izquierdo, Juan Carlos"]
[Black "Alfaya Martinez, Enrique"]
[Result "1-0"]
[WhiteElo "1825"]
[BlackElo "1586"]
[PlyCount "103"]
[EventDate "2015.11.30"]
[EventType "swiss"]
[EventRounds "9"]
[EventCountry "ESP"]
[Source "lmi"]
[SourceDate "2015.11.30"]

1. d4 Nf6 2. Nc3 d5 3. Bg5 Nbd7 4. Qd3 c6 5. f3 g6 6. e4 dxe4 7. fxe4 Bg7 8.
O-O-O O-O 9. h4 h5 10. Be2 a5 11. e5 Nd5 12. Nxd5 cxd5 13. g4 hxg4 14. h5 Nxe5
15. dxe5 Bf5 16. Qg3 Qc7 17. Qc3 Qxe5 18. Qxe5 Bxe5 19. hxg6 f6 20. Bh6 Rfc8
21. Bd3 Bxd3 22. Rxd3 e6 23. Ne2 Rc4 24. b3 Rc5 25. Rhd1 f5 26. c4 a4 27. Be3
Rc7 28. Bf4 Bxf4+ 29. Nxf4 axb3 30. axb3 Ra1+ 31. Kb2 Rxd1 32. Rxd1 Re7 33. Nh5
Rg7 34. Nxg7 Kxg7 35. cxd5 exd5 36. Rxd5 Kxg6 37. Kc3 g3 38. Rd1 Kg5 39. Kd3 f4
40. Ke4 Kg4 41. Rf1 g2 42. Rxf4+ Kg3 43. Rf7 g1=Q 44. Rg7+ Kf2 45. Rxg1 Kxg1
46. Kd4 Kf2 47. b4 Kf3 48. b5 Kf4 49. Kc5 Ke5 50. Kb6 Kd6 51. Kxb7 Kd7 52. b6
1-0

[Event "17. Open de la Constitución 2015"]
[Site "San Sebastian de los Reyes ES"]
[Date "2015.12.08"]
[Round "9.12"]
[White "Reyes Penas, Sebastian"]
[Black "Bartolome Martin, Angel"]
[Result "1/2-1/2"]
[WhiteElo "1684"]
[BlackElo "1749"]
[PlyCount "166"]
[EventDate "2015.11.30"]
[EventType "swiss"]
[EventRounds "9"]
[EventCountry "ESP"]
[Source "lmi"]
[SourceDate "2015.11.30"]

1. e4 c5 2. Nf3 e6 3. d4 cxd4 4. Nxd4 a6 5. Nc3 Bb4 6. g3 d5 7. Bg2 dxe4 8.
Bxe4 Nf6 9. Bg2 O-O 10. O-O Qc7 11. Ne4 Nxe4 12. Bxe4 f5 13. Bg2 e5 14. c3 Bc5
15. Qb3+ Kh8 16. Ne2 Nc6 17. Be3 Bxe3 18. fxe3 Qe7 19. e4 Be6 20. Qc2 g6 21. c4
Qc5+ 22. Kh1 Qxc4 23. Qxc4 Bxc4 24. Rfe1 Rad8 25. Rac1 Bxe2 26. Rxe2 f4 27.
gxf4 Rxf4 28. Rf1 Rxf1+ 29. Bxf1 Nd4 30. Rf2 Kg7 31. Kg2 Rf8 32. Rxf8 Kxf8 33.
Kg3 Kg7 34. Bh3 a5 35. Bd7 Kf6 36. h4 h6 37. Kg4 b6 38. h5 g5 39. a3 Nc2 40.
Ba4 Ne1 41. b4 axb4 42. axb4 Nd3 43. b5 Nc5 44. Bc2 Nb7 45. Bb1 Na5 46. Bd3 Nb3
47. Bb1 Nd4 48. Bd3 Ke6 49. Bf1 Kf6 50. Bd3 Ne6 51. Bb1 Nd4 52. Bd3 Nb3 53. Bc2
Nd4 54. Bd3 Ke6 55. Bf1 Kd6 56. Bd3 Kc5 57. Bf1 Kb4 58. Bd3 Kc3 59. Bf1 Kd2 60.
Bc4 Ke3 61. Bd5 Kf2 62. Bc6 Kg2 63. Bd7 Kf2 64. Bc6 Ke3 65. Kg3 Kd3 66. Kg4 Kc4
67. Bd7 Nxb5 68. Bxb5+ Kxb5 69. Kf5 Kc4 70. Kxe5 b5 71. Kf6 b4 72. e5 b3 73. e6
b2 74. e7 b1=Q 75. e8=Q Qb6+ 76. Kg7 Kd5 77. Qf7+ Qe6 78. Qf3+ Qe4 79. Qb3+ Qc4
80. Qb7+ Qc6 81. Qb3+ Qc4 82. Qb7+ Qc6 83. Qb3+ Qc4 1/2-1/2

[Event "17. Open de la Constitución 2015"]
[Site "San Sebastian de los Reyes ES"]
[Date "2015.12.08"]
[Round "9.13"]
[White "Hernandez Ramos, Alberto"]
[Black "Galan Aguado, Fernando"]
[Result "0-1"]
[WhiteElo "1578"]
[BlackElo "1720"]
[PlyCount "90"]
[EventDate "2015.11.30"]
[EventType "swiss"]
[EventRounds "9"]
[EventCountry "ESP"]
[Source "lmi"]
[SourceDate "2015.11.30"]

1. e4 e6 2. d4 d5 3. e5 c5 4. c3 Nc6 5. Nf3 Qb6 6. a3 c4 7. Be2 Na5 8. Nbd2 Bd7
9. O-O h6 10. Rb1 Qc7 11. Re1 Ne7 12. Nf1 Nc8 13. Bf4 Nb6 14. N1d2 Ba4 15. Qc1
Be7 16. Bd1 Bxd1 17. Qxd1 g5 18. Bg3 g4 19. Nh4 h5 20. f4 Qd8 21. f5 Bxh4 22.
f6 Bxg3 23. hxg3 Qc7 24. Kf2 O-O-O 25. Rh1 Rdg8 26. Rh4 Rg5 27. Kg1 Nd7 28. Qc1
Rgg8 29. Qe1 Qb6 30. Qe3 Nc6 31. Kf2 Ndxe5 32. dxe5 Qxe3+ 33. Kxe3 Nxe5 34.
Rbh1 Rg5 35. b3 cxb3 36. Nxb3 Nc4+ 37. Kd3 Nxa3 38. Nd4 Nc4 39. Rf1 Re5 40. Nc2
Nd6 41. Nd4 a6 42. Rfh1 Rg5 43. Rf1 Kd7 44. Rhh1 e5 45. Ne2 Ke6 0-1

[Event "17. Open de la Constitución 2015"]
[Site "San Sebastian de los Reyes ES"]
[Date "2015.12.08"]
[Round "9.14"]
[White "Martinez Miura, Enrique"]
[Black "Gonzalez Berrendero, Carlos"]
[Result "1/2-1/2"]
[WhiteElo "1611"]
[BlackElo "1842"]
[PlyCount "96"]
[EventDate "2015.11.30"]
[EventType "swiss"]
[EventRounds "9"]
[EventCountry "ESP"]
[Source "lmi"]
[SourceDate "2015.11.30"]

1. Nf3 Nf6 2. g3 d5 3. d4 Bf5 4. Bg2 c6 5. O-O Nbd7 6. c3 e6 7. Bg5 Qb6 8. Qb3
h6 9. Bxf6 Nxf6 10. Nbd2 Be7 11. Ne5 O-O 12. a4 Qxb3 13. Nxb3 Ne4 14. f3 Nd6
15. Nd2 Bg5 16. f4 Be7 17. Rfe1 f6 18. Nd7 Rfd8 19. Nc5 b6 20. Ncb3 Bc2 21.
Rac1 Bxb3 22. Nxb3 Nc4 23. Rb1 f5 24. e3 g5 25. Re2 h5 26. Nd2 Nxd2 27. Rxd2
Kf7 28. Bf3 Rh8 29. Rg2 Rh7 30. Be2 h4 31. Kf2 hxg3+ 32. hxg3 g4 33. Rgg1 Rah8
34. Rg2 c5 35. Ra1 cxd4 36. exd4 Ke8 37. Bb5+ Kd8 38. Re1 Rh6 39. Bd3 Kd7 40.
Bb5+ Kd6 41. Bd3 Rh3 42. Reg1 Rb8 43. Ke2 b5 44. axb5 a6 45. Ra1 axb5 46. b4
Rb6 47. Ra5 Kc6 48. Ra7 Kd6 1/2-1/2

[Event "17. Open de la Constitución 2015"]
[Site "San Sebastian de los Reyes ES"]
[Date "2015.12.08"]
[Round "9.15"]
[White "Tarrio Ocana, Jose Manuel"]
[Black "Stefanescu, Iulian"]
[Result "1/2-1/2"]
[WhiteElo "1829"]
[BlackElo "1652"]
[PlyCount "117"]
[EventDate "2015.11.30"]
[EventType "swiss"]
[EventRounds "9"]
[EventCountry "ESP"]
[Source "lmi"]
[SourceDate "2015.11.30"]

1. e4 b6 2. d4 Bb7 3. Nc3 e6 4. a3 Ne7 5. Nf3 f5 6. Bd3 g6 7. h4 h6 8. Qe2 Bg7
9. Be3 Nbc6 10. O-O-O d6 11. Bb5 a6 12. Ba4 b5 13. Bb3 Qd7 14. d5 exd5 15. exf5
Bxc3 16. bxc3 Qxf5 17. Nd4 Qd7 18. Nxc6 Bxc6 19. Bd4 Rh7 20. Rhe1 O-O-O 21. g4
Rf8 22. Be3 Kb8 23. Rg1 h5 24. Qd2 hxg4 25. Qd4 Bb7 26. Qxg4 Qxg4 27. Rxg4 Nf5
28. Bxd5 Nxe3 29. fxe3 Bxd5 30. Rxd5 Rf3 31. a4 bxa4 32. Rxa4 Rxe3 33. Rg5 Rh6
34. Rxa6 Rxh4 35. Rxg6 Rxc3 36. Kb2 Rc5 37. Ra3 Rh2 38. Rc3 Rxc3 39. Kxc3 Rh4
40. Rg7 Kb7 41. Kd3 Kb6 42. Kc3 d5 43. Rg5 c6 44. Rf5 Kc5 45. Rg5 Rc4+ 46. Kd3
Kb4 47. Rg6 Rc3+ 48. Kd2 c5 49. Rb6+ Kc4 50. Ra6 d4 51. Ra4+ Kb5 52. Ra8 Rh3
53. Ra7 Rh2+ 54. Kd3 c4+ 55. Kxd4 Rxc2 56. Rc7 Rd2+ 57. Kc3 Rd3+ 58. Kc2 Rg3
59. Rc8 1/2-1/2

[Event "17. Open de la Constitución 2015"]
[Site "San Sebastian de los Reyes ES"]
[Date "2015.12.08"]
[Round "9.16"]
[White "Guillo Longares, Cecilia"]
[Black "Garcia Minguez, Antonio"]
[Result "1-0"]
[WhiteElo "1815"]
[BlackElo "1572"]
[PlyCount "101"]
[EventDate "2015.11.30"]
[EventType "swiss"]
[EventRounds "9"]
[EventCountry "ESP"]
[Source "lmi"]
[SourceDate "2015.11.30"]

1. d4 d5 2. c4 c6 3. Nc3 Nf6 4. Nf3 e6 5. Bg5 Be7 6. e3 O-O 7. cxd5 cxd5 8. Bd3
Nc6 9. O-O Bd7 10. a3 a6 11. Qc2 h6 12. Bh4 Rc8 13. Rac1 b5 14. b4 Ne8 15. Bg3
Nd6 16. Bxd6 Bxd6 17. Qd2 Qf6 18. Bb1 Qe7 19. Qc2 f5 20. g3 Nd8 21. Qd3 Nf7 22.
Nh4 Qf6 23. f3 Ng5 24. e4 Qf7 25. exf5 exf5 26. Ba2 Be6 27. Bb1 g6 28. Ng2 Kg7
29. Qd2 Rc7 30. h4 Nh7 31. Nf4 Rfc8 32. Nxe6+ Qxe6 33. Kg2 Nf6 34. Rfe1 Qd7 35.
Ba2 Bf8 36. Re5 a5 37. Qb2 axb4 38. axb4 Qd6 39. Re3 Qxb4 40. Qd2 Qa5 41. Bb3
Bb4 42. Qe2 Rxc3 43. Rcxc3 Rxc3 44. Rxc3 Bxc3 45. Qe7+ Kg8 46. Qxf6 Kh7 47.
Qe7+ Kh8 48. Bxd5 Bb4 49. Qe8+ Kg7 50. Qf7+ Kh8 51. Qg8# 1-0

[Event "17. Open de la Constitución 2015"]
[Site "San Sebastian de los Reyes ES"]
[Date "2015.12.08"]
[Round "9.17"]
[White "Sirera Ripoll, Jose Luis"]
[Black "Garcia Lopez, Fernando"]
[Result "1-0"]
[WhiteElo "1769"]
[BlackElo "1644"]
[PlyCount "129"]
[EventDate "2015.11.30"]
[EventType "swiss"]
[EventRounds "9"]
[EventCountry "ESP"]
[Source "lmi"]
[SourceDate "2015.11.30"]

1. e4 c5 2. Nc3 Nc6 3. f4 d6 4. Nf3 Bg4 5. Bc4 e6 6. O-O Be7 7. d3 Nf6 8. Qe1
O-O 9. h3 Bxf3 10. Rxf3 Nd4 11. Rf2 Nd7 12. Qe3 Bh4 13. g3 Bf6 14. Qe1 Nb6 15.
e5 Be7 16. Bb3 d5 17. Ne2 Nc6 18. c4 Nb4 19. Qd2 dxc4 20. dxc4 Qd3 21. Qxd3
Nxd3 22. Rf1 a5 23. a3 Rad8 24. Rd1 Rd7 25. Bc2 Rfd8 26. b3 Nxc1 27. Raxc1 Rd2
28. Kf1 Na8 29. Ke1 Rxd1+ 30. Rxd1 Rxd1+ 31. Kxd1 Nc7 32. Be4 b6 33. Nc3 Bd8
34. Bc6 h5 35. h4 g6 36. Ne4 Kg7 37. Ke2 Kf8 38. Kf3 Ne8 39. Nd6 Nc7 40. Kg2
Kg7 41. Kh3 Kf8 42. g4 Kg7 43. gxh5 gxh5 44. Ne4 Na6 45. Ng3 Kh6 46. Bf3 f6 47.
exf6 Bxf6 48. Bxh5 Bb2 49. a4 Nb8 50. Bf7 e5 51. f5 Nc6 52. Ne4 Kg7 53. Bd5 Nd4
54. f6+ Kf8 55. f7 Ne2 56. Kg4 Nf4 57. Ng5 Nxd5 58. cxd5 b5 59. d6 e4 60. Kf4
e3 61. Kxe3 Bf6 62. Nh7+ Kxf7 63. Nxf6 Kxf6 64. h5 bxa4 65. bxa4 1-0

[Event "17. Open de la Constitución 2015"]
[Site "San Sebastian de los Reyes ES"]
[Date "2015.12.08"]
[Round "9.18"]
[White "Alameda Arellano, Cristeto"]
[Black "Villodre Miranda, Juan Alonso"]
[Result "0-1"]
[WhiteElo "1545"]
[BlackElo "1660"]
[PlyCount "86"]
[EventDate "2015.11.30"]
[EventType "swiss"]
[EventRounds "9"]
[EventCountry "ESP"]
[Source "lmi"]
[SourceDate "2015.11.30"]

1. d4 d5 2. c4 e6 3. Nc3 c6 4. Nf3 h6 5. Bf4 Bd6 6. Bxd6 Qxd6 7. e3 Nf6 8. Qc2
Nbd7 9. cxd5 Nxd5 10. e4 Nxc3 11. e5 Qc7 12. Qxc3 Nb6 13. Nd2 Nd5 14. Qc2 Bd7
15. Ne4 Qa5+ 16. Nc3 Nxc3 17. bxc3 c5 18. Qd2 cxd4 19. cxd4 Qxd2+ 20. Kxd2 Bc6
21. f3 Ke7 22. Bd3 Rhd8 23. Ke3 g6 24. Rhd1 a6 25. Be4 Bd5 26. Rdb1 b5 27. a4
Rab8 28. axb5 axb5 29. Ra7+ Rd7 30. Rxd7+ Kxd7 31. Bxd5 exd5 32. Rb4 Kc6 33. f4
Kb6 34. g4 Rc8 35. Kd2 Ka5 36. Rb2 Rc4 37. Kd3 b4 38. Rc2 Ka4 39. f5 gxf5 40.
gxf5 b3 41. Re2 Ka3 42. e6 b2 43. Re1 fxe6 0-1

[Event "17. Open de la Constitución 2015"]
[Site "San Sebastian de los Reyes ES"]
[Date "2015.12.08"]
[Round "9.19"]
[White "Fernandez Estremera, Fernando"]
[Black "Alvarez Gonzalez, Eduardo"]
[Result "0-1"]
[WhiteElo "1564"]
[BlackElo "1779"]
[PlyCount "66"]
[EventDate "2015.11.30"]
[EventType "swiss"]
[EventRounds "9"]
[EventCountry "ESP"]
[Source "lmi"]
[SourceDate "2015.11.30"]

1. d4 Nf6 2. c4 e6 3. Nc3 Bb4 4. Qc2 c5 5. e3 cxd4 6. exd4 d5 7. Nf3 O-O 8. Bg5
Be7 9. Bd3 h6 10. Bxf6 Bxf6 11. cxd5 exd5 12. Qb3 Re8+ 13. Be2 Nc6 14. Qxd5
Bxd4 15. Qxd8 Bxc3+ 16. bxc3 Rxd8 17. O-O Be6 18. a3 Rac8 19. Rac1 Na5 20. Nd4
Bc4 21. Bxc4 Rxc4 22. Rfd1 a6 23. Kf1 b5 24. Ke2 Ra4 25. Ra1 Rc4 26. Rdc1 g6
27. Rc2 Rdxd4 28. cxd4 Rxc2+ 29. Kd3 Rxf2 30. d5 Nc4 31. Kd4 Rxg2 32. Kc5 Rxh2
33. d6 Rd2 0-1

[Event "17. Open de la Constitución 2015"]
[Site "San Sebastian de los Reyes ES"]
[Date "2015.12.08"]
[Round "9.20"]
[White "Rodriguez Bernal, Herman"]
[Black "Sirera Andres, Dario"]
[Result "1-0"]
[WhiteElo "1773"]
[BlackElo "1360"]
[PlyCount "43"]
[EventDate "2015.11.30"]
[EventType "swiss"]
[EventRounds "9"]
[EventCountry "ESP"]
[Source "lmi"]
[SourceDate "2015.11.30"]

1. d4 d5 2. c4 e6 3. Nc3 Nf6 4. Bg5 Be7 5. e3 Nbd7 6. Nf3 O-O 7. cxd5 exd5 8.
Bd3 b6 9. O-O Bb7 10. Qc2 h6 11. Bh4 c5 12. h3 Rc8 13. Bf5 Ra8 14. Rfe1 a6 15.
Rad1 b5 16. Bxd7 Nxd7 17. Bxe7 Qxe7 18. e4 Qd6 19. exd5 b4 20. Ne4 Rac8 21.
Nxd6 Rb8 22. Re7 1-0

[Event "17. Open de la Constitución 2015"]
[Site "San Sebastian de los Reyes ES"]
[Date "2015.12.08"]
[Round "9.21"]
[White "Perez Gonzalez, Jesus Miguel"]
[Black "Asins Martin, Jose"]
[Result "1-0"]
[WhiteElo "1731"]
[BlackElo "1250"]
[PlyCount "115"]
[EventDate "2015.11.30"]
[EventType "swiss"]
[EventRounds "9"]
[EventCountry "ESP"]
[Source "lmi"]
[SourceDate "2015.11.30"]

1. g3 g6 2. c4 Bg7 3. Nc3 d6 4. d4 a6 5. Nf3 Nd7 6. Bg2 e6 7. O-O Ne7 8. e4 O-O
9. Re1 c6 10. Rb1 b5 11. cxb5 axb5 12. a3 Qb6 13. Bg5 f6 14. Be3 d5 15. Qb3 f5
16. e5 Qc7 17. Qb4 Nb6 18. Qd6 Qd7 19. Bg5 Rf7 20. Qc5 Na4 21. Nxa4 Rxa4 22. b3
Ra6 23. Rec1 h6 24. Bd2 g5 25. Bb4 Bf8 26. Qc3 Ng6 27. Bxf8 Rxf8 28. b4 g4 29.
Ne1 Qf7 30. Nd3 f4 31. Nc5 Rb6 32. Qd2 Kh7 33. Nd3 Rb7 34. Rxc6 Qf5 35. Rbc1
Bd7 36. Rc7 Rxc7 37. Rxc7 Rf7 38. gxf4 Be8 39. Rc5 Nxf4 40. Nxf4 Qxf4 41. Qxf4
Rxf4 42. Rc7+ Kg6 43. Rc8 Bd7 44. Rd8 Bc6 45. Rd6 Be8 46. Rxe6+ Kf5 47. Rxe8
Rxd4 48. e6 Kf6 49. Bf1 Rd1 50. Kg2 Ra1 51. Bxb5 Rxa3 52. Be2 d4 53. Rd8 Kxe6
54. Rxd4 h5 55. b5 Ra2 56. Bc4+ Ke5 57. Rd5+ Kf4 58. Bxa2 1-0

[Event "17. Open de la Constitución 2015"]
[Site "San Sebastian de los Reyes ES"]
[Date "2015.12.08"]
[Round "9.22"]
[White "Lopez Ziegler, Juan Jose"]
[Black "Guillo Sanchez-Galiano, Ernesto"]
[Result "1-0"]
[WhiteElo "1543"]
[BlackElo "1201"]
[PlyCount "57"]
[EventDate "2015.11.30"]
[EventType "swiss"]
[EventRounds "9"]
[EventCountry "ESP"]
[Source "lmi"]
[SourceDate "2015.11.30"]

1. d4 Nf6 2. Nf3 g6 3. Bf4 d6 4. e3 Bg4 5. h3 Bxf3 6. Qxf3 c6 7. c3 Bg7 8. Nd2
O-O 9. Bc4 d5 10. Bb3 Nbd7 11. g4 c5 12. Bxd5 Nxd5 13. Qxd5 b6 14. Nc4 e6 15.
Qg2 Re8 16. Rd1 f6 17. Nd6 Re7 18. dxc5 bxc5 19. O-O e5 20. Qd5+ Kf8 21. Bg3
Rb8 22. Rd2 Qc7 23. f4 Nb6 24. Qf3 Rd8 25. fxe5 Nc4 26. Nxc4 Rxd2 27. exf6 Qd7
28. fxg7+ Kxg7 29. Qf8# 1-0